Luta anti-venérea (Record no. 45401)

MARC details
000 -Etiqueta do registo
Valores 00522cam a22001931i 4500
100 ## - Dados gerais de processamento
Dados gerais 20020304d1948 m y0pory5003 ba
101 0# - Língua de publicação
Língua por
102 ## - País de publicação
País PT
200 1# - Titulo e menção de responsabilidade
Título próprio Luta anti-venérea
Primeira menção de responsabilidade por César Anjo (Filho)
210 #9 - Publicação
Local de publicação Lisboa
Nome do editor ed. Cosmos,
Data de publicação 1948
215 ## - Descrição física 
Paginação / Volumes 262 p.
Dimensões 20 cm
225 2# - Colecção 
Título próprio da colecção Biblioteca Cosmos
Indicação de volume 136/137
Nome de parte ou secção Ciências e Técnicas
Número de parte ou secção 1.ª secção
675 ## - CDU
Notação 616.9(035)
700 #1 - Autor principal
Apelido Anjo,
Nome A. César,
Datas 1915-1969
801 #0 - Fonte de origem
País PT
Agência BN
Regras de catalogação RPC
801 #1 - Fonte de origem
País FR
Agência JOUVE
Regras de catalogação RPC
990 ## - Elementos KOHA
Tipo de documento MON
Holdings
Aquisição Empréstimo Código de barras Cota Permissão de empréstimo Tipo de documento Nota relativa ao exemplar
Biblioteca Municipal de Redondo Biblioteca Municipal de Redondo 056139 616.9 ANJ Consulta presencial Livro oferta de Vergìlio Ambrósio

Powered by Koha